000
00275nam a2200109Ia 4500
008
190911s9999||||xx |||||||||||||| ||und||
100
_a
Hobsons ,international
245
0
_a
Distance and supported open learning
260
_a
London
_b
Pearson
_c
1999
300
_a
224
942
_c
BK
999
_c
6770
_d
6770